|
|
|
|
| LEADER |
02595nam a2200457 a 4500 |
| 001 |
EBC3420604 |
| 003 |
MiAaPQ |
| 005 |
20200520144314.0 |
| 006 |
m o d | |
| 007 |
cr cn||||||||| |
| 008 |
071217s2008 ctua sb 001 0 eng |
| 010 |
|
|
|z 2007051391
|
| 015 |
|
|
|a GBA875628
|2 bnb
|
| 016 |
7 |
|
|z 014640843
|2 Uk
|
| 020 |
|
|
|z 9780300125245 (cloth : alk. paper)
|
| 020 |
|
|
|z 0300125240 (cloth : alk. paper)
|
| 035 |
|
|
|a (MiAaPQ)EBC3420604
|
| 035 |
|
|
|a (Au-PeEL)EBL3420604
|
| 035 |
|
|
|a (CaPaEBR)ebr10348501
|
| 035 |
|
|
|a (CaONFJC)MIL235164
|
| 035 |
|
|
|a (OCoLC)923594660
|
| 040 |
|
|
|a MiAaPQ
|c MiAaPQ
|d MiAaPQ
|
| 043 |
|
|
|a e-ur---
|
| 050 |
|
4 |
|a HD9743.S672
|b G86 2008
|
| 082 |
0 |
4 |
|a 338.4/73550094709043
|2 22
|
| 245 |
0 |
0 |
|a Guns and rubles
|h [electronic resource] :
|b the defense industry in the Stalinist state /
|c edited by Mark Harrison.
|
| 260 |
|
|
|a New Haven :
|b Yale University Press :
|b Published in cooperation with the Hoover Institution on War, Revolution and Peace, Stanford University,
|c c2008.
|
| 300 |
|
|
|a xxvi, 272 p. :
|b ill.
|
| 490 |
1 |
|
|a Yale-Hoover series on Stalin, Stalinism, and the Cold War
|
| 504 |
|
|
|a Includes bibliographical references and index.
|
| 505 |
0 |
|
|a Foreword / by Paul R. Gregory -- Preface -- Acknowledgments -- Abbreviations, acronyms, technical terms, and conventions -- Note on references -- The dictator and defense / Mark Harrison -- Before Stalinism : the early 1920s / Andrei Sokolov -- Hierarchies and markets : the defense industry under Stalin / Mark Harrison and Andrei Markevich -- Planning the supply of weapons : the 1930s / Andrei Markevich -- Planning for mobilization : the 1930s / R.W. Davies -- The Soviet market for weapons / Mark Harrison and Andrei Markevich -- The market for labor in the 1930s : the aircraft industry / Mikhail Mukhin -- The market for inventions : experimental aircraft engines / Mark Harrison -- Secrecy / Mark Harrison -- Afterword -- Contributors -- Index.
|
| 533 |
|
|
|a Electronic reproduction. Ann Arbor, MI : ProQuest, 2015. Available via World Wide Web. Access may be limited to ProQuest affiliated libraries.
|
| 650 |
|
0 |
|a Defense industries
|z Soviet Union.
|
| 650 |
|
0 |
|a Weapons industry
|z Soviet Union.
|
| 651 |
|
0 |
|a Soviet Union
|x Military policy.
|
| 651 |
|
0 |
|a Soviet Union
|x History
|y 1925-1953.
|
| 655 |
|
4 |
|a Electronic books.
|
| 700 |
1 |
|
|a Harrison, Mark,
|d 1949-
|
| 710 |
2 |
|
|a ProQuest (Firm)
|
| 830 |
|
0 |
|a Yale-Hoover series on Stalin, Stalinism, and the Cold War.
|
| 856 |
4 |
0 |
|u https://ebookcentral.proquest.com/lib/matrademy/detail.action?docID=3420604
|z Click to View
|